| 000 | 00676nam a22001697a 4500 | ||
|---|---|---|---|
| 999 |
_c12540 _d12540 |
||
| 008 | 190130b ||||| |||| 00| 0 eng d | ||
| 082 |
_22018 _aUT 1147 _bA11 |
||
| 100 |
_aAballe, Artjun Lloyd P. _935382 |
||
| 245 |
_aHindi kaaya-ayang pag-uugali ng mga mag-aaral sa loob ng silid-aralan ng DCNHS ng Ikawalong Taon / _cArtjun Lloyd P. Aballe, Iris Joy B. Pulbos, and Idelyn Y. Pabian |
||
| 260 |
_aDigos City: _bUMDC _cOctober 2018. |
||
| 300 |
_a66 pages; _c30 cm. |
||
| 650 |
_aEducation _vFilipino _xUndergraduate thesis. _935383 |
||
| 700 |
_aAballe, Artjun Lloyd P. _935382 |
||
| 700 |
_aPulbos, Iris Joy B. _935384 |
||
| 700 |
_aPabian, Idelyn Y. _935385 |
||
| 942 |
_2ddc _cUT |
||